000 01219cad a22002655a 4500
001 E153140
008 110614s2011 stk f s000 0 eng d
020 _a9781780452227
022 1 _a0141-514X
035 _a(Sirsi) u153140
041 0 _aeng
050 0 4 _a711.1 $2 18
110 2 _aScotland
_bScottish Government
_95344
245 0 4 _aThe Town and Country Planning (Environmental Impact Assessment) (Scotland) Regulations 2011
_bplanning circular 3 2011
_h[electronic resource]
260 _aEdinburgh
_bScottish Government
_c2011
490 0 _aPlanning Circular
_v(3/2011)
520 _aOffers guidance on the provisions of the Town and Country Planning (Environmental Impact Assessment) (Scotland) Regulations 2011, which introduce the EIA Directive into the planning system in Scotland.
521 _aAdvanced
590 _aKA
650 1 4 _aTOWN AND COUNTRY PLANNING (ENVIRONMENTAL IMPACT ASSESSMENT) (SCOTLAND) REGULATIONS 2011
651 4 _aScotland
_y1999-
690 _aENVIRONMENTAL AND LAND CONSULTANCY-PLANNING AND DEVELOPMENT-PLANNING GUIDANCE
856 4 0 _uhttps://www.scotland.gov.uk/Publications/2011/06/01084419/10
_zView the circular free of charge at www.scotland.gov.uk...
942 _n0
999 _c112392
_d112392